00921nam a2200217 a 4500001001000000005001700010008004100027020001500068040001300083050002400096100004000120245015500160260011500315300004900430504004100479650002700520651003600547651005400583700003800637700002800675BRCA_222720190320203724.0950413s1994 mx-a---##b---#000-0#spa-# a9706206108 aDLCcDLC 4aNA757.M4b.S57 19941 aSirvent Gutiérrez, Gladys Mabella10aColonia La Tabacalerabvarias lecturas sobre un mismo patrimoniocGladys M. Sirvent Gutiérrez, Fco. Haroldo Alfaro Salazar, Hugo A. Arciniega Avila. aMéxicobUAM, Xochimilco, División Ciencias y Artes para el Diseño, Depto. de Teoría y Análisisc1994 a155 p.bil. (algunas a color), mapasc27 cm. aIncluye referencias bibliográficas14aArquitecturazMéxico 4aColonia La TabacaleraxHistoria 4aCiudad de MéxicoxEdificios y estructuras, etc.1 aAlfaro Salazar, Francisco Haroldo1 aArciniega Avila, Hugo A